Schaum's outline of theory and problems of data structures with C++ / (Record no. 179329)

000 -LEADER
fixed length control field 01371 a2200277 4500
003 - CONTROL NUMBER IDENTIFIER
control field Nust
005 - DATE AND TIME OF LATEST TRANSACTION
control field 20220815125825.0
010 ## - LIBRARY OF CONGRESS CONTROL NUMBER
LC control number 00022981
020 ## - INTERNATIONAL STANDARD BOOK NUMBER
International Standard Book Number 0071164057
040 ## - CATALOGING SOURCE
Transcribing agency Nust
082 00 - DEWEY DECIMAL CLASSIFICATION NUMBER
Classification number 005.133,HUB
100 1# - MAIN ENTRY--PERSONAL NAME
Personal name Hubbard, J. R.
9 (RLIN) 97182
245 10 - TITLE STATEMENT
Title Schaum's outline of theory and problems of data structures with C++ /
Statement of responsibility, etc. John R. Hubbard.
246 30 - VARYING FORM OF TITLE
Title proper/short title Theory and problems of data structures with C++
260 ## - PUBLICATION, DISTRIBUTION, ETC.
Place of publication, distribution, etc. New York :
Name of publisher, distributor, etc. McGraw-Hill,
Date of publication, distribution, etc. c2000.
300 ## - PHYSICAL DESCRIPTION
Extent viii, 356p. :
Other physical details ill. ;
Dimensions 28 cm.
490 0# - SERIES STATEMENT
Series statement Schaum's outline series
505 ## - FORMATTED CONTENTS NOTE
Formatted contents note Introduction to Computing (Page-1), C++ Fundamentals (Page-24), Control Structures (Page-43), Functions (Page-67), Array (Page-88), Strings and Files (Page-109), Abstract Data Types (Page-137), Pointers (Page-178), Lists (Page-195), Standard Container Classes (Page-226), Recursion (Page-254), Trees (Page-276), Sorting (Page-303), Searching (Page-319),
538 ## - SYSTEM DETAILS NOTE
System details note Almirah No.5 Shelf No.6
650 #0 - SUBJECT ADDED ENTRY--TOPICAL TERM
Topical term or geographic name entry element C++ (Computer program language)
650 #0 - SUBJECT ADDED ENTRY--TOPICAL TERM
Topical term or geographic name entry element Data structures (Computer science)
856 42 - ELECTRONIC LOCATION AND ACCESS
Materials specified Contributor biographical information
Uniform Resource Identifier <a href="http://www.loc.gov/catdir/bios/mh041/00022981.html">http://www.loc.gov/catdir/bios/mh041/00022981.html</a>
856 42 - ELECTRONIC LOCATION AND ACCESS
Materials specified Publisher description
Uniform Resource Identifier <a href="http://www.loc.gov/catdir/description/mh021/00022981.html">http://www.loc.gov/catdir/description/mh021/00022981.html</a>
856 42 - ELECTRONIC LOCATION AND ACCESS
Materials specified Table of contents
Uniform Resource Identifier <a href="http://www.loc.gov/catdir/toc/mh021/00022981.html">http://www.loc.gov/catdir/toc/mh021/00022981.html</a>
942 ## - ADDED ENTRY ELEMENTS (KOHA)
Source of classification or shelving scheme
Koha item type Book
Holdings
Withdrawn status Lost status Source of classification or shelving scheme Damaged status Not for loan Collection code Permanent Location Current Location Date acquired Total Checkouts Full call number Barcode Checked out Date last seen Date last checked out Price effective from Koha item type
            Military College of Signals (MCS) Military College of Signals (MCS) 12/12/2016 1 005.133 HUB MCS28643 09/23/2025 09/08/2025 09/08/2025 12/12/2016 Book
© 2023 Central Library, National University of Sciences and Technology. All Rights Reserved.